[Event "Qatar Masters Open TB"]
[Site "Doha QAT"]
[Date "2023.10.20"]
[Round "1"]
[White "Abdusattorov, Nodirbek"]
[Black "Yakubboev, Nodirbek"]
[Result "0-1"]
[WhiteTitle "GM"]
[BlackTitle "GM"]
[WhiteElo "2716"]
[BlackElo "2616"]
[WhiteFideId "14204118"]
[BlackFideId "14203987"]
[EventDate "2023.10.20"]

1. e4 e5 2. Nf3 Nc6 3. Bc4 Bc5 4. O-O Nf6 5. d3 d6 6. c3 a5 7. Re1 Ba7 8. h3 h6
9. Nbd2 O-O 10. Nf1 Ne7 11. Ng3 Ng6 12. d4 exd4 13. cxd4 d5 14. exd5 Nxd5 15.
Bd2 c6 16. Qc2 Nh4 17. Nxh4 Qxh4 18. Re4 Qf6 19. Bxd5 cxd5 20. Rf4 Qg6 21. Qxg6
fxg6 22. Rxf8+ Kxf8 23. Ne2 Bb6 24. Rc1 Be6 25. Rc3 Rc8 26. Rb3 Rc6 27. a4 Bf5
28. Nf4 Bc2 29. Rf3 Ke8 30. Nxd5 Bxd4 31. Nc3 Rf6 32. Rxf6 Bxf6 33. f3 Bd4+ 34.
Kf1 Bd3+ 35. Ke1 Kd7 36. Ne4 Kc6 37. Bxa5 Bxb2 38. Bd2 Bd4 39. a5 Kb5 40. Nd6+
Ka6 41. h4 Bf6 42. Ne8 Bxh4+ 43. Kd1 h5 44. Nc7+ Ka7 45. Be3+ Kb8 46. Ne6 Bf1
47. g4 hxg4 48. fxg4 Bh3 49. Kd2 Bxg4 50. Nf4 Bf5 51. Nd5 Kc8 52. Bd4 Kd7 53.
Bxg7 Kc6 54. Ne3 Kb5 55. Bc3 Bd8 56. Nxf5 gxf5 57. Ke3 Bxa5 58. Be5 Kc6 59. Bg7
Bc7 60. Kd4 Kd6 61. Be5+ 0-1

[Event "Qatar Masters Open TB"]
[Site "Doha QAT"]
[Date "2023.10.20"]
[Round "2"]
[White "Yakubboev, Nodirbek"]
[Black "Abdusattorov, Nodirbek"]
[Result "1-0"]
[WhiteTitle "GM"]
[BlackTitle "GM"]
[WhiteElo "2616"]
[BlackElo "2716"]
[WhiteFideId "14203987"]
[BlackFideId "14204118"]
[EventDate "2023.10.20"]

1. d4 Nf6 2. Nf3 e6 3. c4 Bb4+ 4. Bd2 Be7 5. Nc3 O-O 6. e4 d5 7. e5 Ne4 8. cxd5
exd5 9. Bd3 Nxd2 10. Qxd2 Nc6 11. O-O Bg4 12. Be2 f6 13. h3 Bh5 14. Rad1 Kh8 15.
Rfe1 Bf7 16. Bb5 Bh5 17. Be2 a6 18. Qc2 Bf7 19. a3 Bg8 20. exf6 Bxf6 21. Na4 Qd6
22. Nc5 Nd8 23. Bd3 b6 24. Nxa6 Ne6 25. Rxe6 Bxe6 26. Qxc7 Rad8 27. Re1 Bg8 28.
Qxd6 Rxd6 29. Nc7 Rc6 30. Nb5 g5 31. Kf1 Kg7 32. Ne5 Re6 33. g3 Re7 34. Nd6 Bxe5
35. dxe5 Be6 36. Kg2 Rc7 37. Nb5 Rcf7 38. Re2 Re7 39. Nd4 Bd7 40. e6 Bc8 41.
Nf5+ Rxf5 42. Bxf5 Kf6 43. g4 d4 44. Kg3 Ba6 45. Re4 d3 46. Rd4 Ke5 47. Rd7 Kf6
48. Kf3 Bc4 49. Bxd3 1-0

[Event "Qatar Masters Open 2023"]
[Site "Doha QAT"]
[Date "2023.10.20"]
[Round "9.1"]
[White "Puranik, Abhimanyu"]
[Black "Carlsen, Magnus"]
[Result "1/2-1/2"]
[WhiteTitle "GM"]
[BlackTitle "GM"]
[WhiteElo "2618"]
[BlackElo "2839"]
[WhiteFideId "5061245"]
[BlackFideId "1503014"]
[EventDate "2023.10.11"]

1. e4 e5 2. Nf3 Nc6 3. Bb5 a6 4. Ba4 b5 5. Bb3 Na5 6. d4 exd4 7. Qxd4 Bb7 8. Nc3
d6 9. Bg5 Ne7 10. Nd5 Rg8 11. c4 f6 12. Bd2 c5 13. Qc3 Nxc4 14. Bxc4 bxc4 15.
O-O-O Nxd5 16. exd5 Kf7 17. Qxc4 Qd7 18. g4 Re8 19. Bc3 h5 20. Rhg1 g5 21. gxh5
Qf5 22. Rd3 g4 23. Nd2 Bh6 24. Kd1 Bxd2 25. Bxd2 Re5 26. Qb3 Ba8 27. Rgg3 Rge8
28. Qa4 Re4 29. Qxa6 Bxd5 30. Qxd6 Bc4 31. Qd7+ Qxd7 32. Rxd7+ Ke6 33. Rg7 Rd8
34. Kc1 Red4 35. R7xg4 Rxd2 36. Rxc4 Rxf2 37. Re3+ Kd5 38. Rh4 Kc6 39. a3 Rg8
40. Rg3 Re8 41. Kb1 Rb8 42. b4 cxb4 43. axb4 Re8 44. Rc3+ Kb5 45. Rc2 Rf3 46. h6
Ka4 47. Kc1 Kb3 48. Rb2+ Kc3 49. Rc2+ Kb3 50. Rd4 Ra8 51. Kd1 Rh3 52. b5 Ra1+
53. Rc1 Rxc1+ 54. Kxc1 Rxh2 55. Rd6 Rxh6 56. b6 Rh8 57. Rxf6 Kc4 58. Kd2 Rb8 1/2-1/2

[Event "Qatar Masters Open 2023"]
[Site "Doha QAT"]
[Date "2023.10.20"]
[Round "9.5"]
[White "Giri, Anish"]
[Black "Sindarov, Javokhir"]
[Result "1/2-1/2"]
[WhiteTitle "GM"]
[BlackTitle "GM"]
[WhiteElo "2760"]
[BlackElo "2658"]
[WhiteFideId "24116068"]
[BlackFideId "14205483"]
[EventDate "2023.10.11"]

1. d4 Nf6 2. Nf3 g6 3. Nbd2 d5 4. b4 Bg7 5. Bb2 a5 6. b5 a4 7. Rb1 O-O 8. e3 Bf5
9. Be2 Nbd7 10. O-O Re8 11. Nh4 Be6 12. c4 dxc4 13. Nxc4 Nb6 14. Qc2 Qd5 15.
Rfc1 Qe4 16. Qxe4 Nxe4 17. Nf3 Nd6 18. Nxb6 cxb6 19. Ba3 Bxa2 20. Ra1 Be6 21.
Nd2 Rec8 22. Rxc8+ Rxc8 23. Kf1 Bd7 24. Bxd6 exd6 25. Nc4 Bxb5 26. Nxb6 Rc6 27.
Nd5 Bxe2+ 28. Kxe2 Ra6 29. Kd3 f5 30. Kc4 Rc6+ 31. Kd3 Ra6 32. Kc4 Rc6+ 33. Kd3
Ra6 1/2-1/2

[Event "Qatar Masters Open 2023"]
[Site "Doha QAT"]
[Date "2023.10.20"]
[Round "9.7"]
[White "Maghsoodloo, Parham"]
[Black "Kuybokarov, Temur"]
[Result "1-0"]
[WhiteTitle "GM"]
[BlackTitle "GM"]
[WhiteElo "2707"]
[BlackElo "2584"]
[WhiteFideId "12539929"]
[BlackFideId "14203049"]
[EventDate "2023.10.11"]

1. c4 Nf6 2. Nc3 c5 3. g3 e6 4. Nf3 d5 5. cxd5 exd5 6. d4 Nc6 7. a3 Be7 8. Bg2
O-O 9. O-O Ne4 10. dxc5 Bxc5 11. Na4 Be7 12. Be3 Bf6 13. Rc1 Re8 14. Nd4 Ne5 15.
Nb5 Nc4 16. Bf4 g5 17. Bxe4 Rxe4 18. Bc7 Qd7 19. Nac3 Re6 20. Qxd5 Nxb2 21. Ba5
Rc6 22. Nc7 Rb8 23. Ne4 Bd8 24. Qe5 Qe7 25. Ne6 Qxe6 26. Qxb8 Bxa5 27. Rxc6 Qxc6
28. Nd6 Qc7 29. Qxc8+ Qxc8 30. Nxc8 1-0

[Event "Qatar Masters Open 2023"]
[Site "Doha QAT"]
[Date "2023.10.20"]
[Round "9.8"]
[White "Oparin, Grigoriy"]
[Black "Sethuraman, S.P."]
[Result "1/2-1/2"]
[WhiteTitle "GM"]
[BlackTitle "GM"]
[WhiteElo "2681"]
[BlackElo "2598"]
[WhiteFideId "24125890"]
[BlackFideId "5021596"]
[EventDate "2023.10.11"]

1. e4 e5 2. Nf3 Nc6 3. Bc4 Nf6 4. d3 Bc5 5. O-O d6 6. c3 a5 7. Bb3 h6 8. Nbd2
O-O 9. h3 Ba7 10. Re1 b5 11. a4 b4 12. Bc4 Bd7 13. Bb5 Ne7 14. Bxd7 Nxd7 15. d4
exd4 16. cxd4 d5 17. exd5 Nxd5 18. Nc4 c6 19. Qd3 c5 20. Qf5 N7f6 21. dxc5 Qc7
22. Be3 Bxc5 23. Bxc5 Qxc5 24. Rac1 g6 25. Qd3 Nf4 26. Qd2 Qf5 27. Re5 Nxh3+ 28.
Kf1 Qf4 29. Rxa5 Rxa5 30. Nxa5 Ra8 31. Nb3 Qg4 32. Qxh6 Nf4 33. Qg5 Qxg5 34.
Nxg5 Rxa4 35. g3 N4d5 36. Ra1 Rxa1+ 37. Nxa1 Ng4 38. Nc2 b3 39. Nd4 Nb6 40. Nxb3
Nc4 1/2-1/2

[Event "Qatar Masters Open 2023"]
[Site "Doha QAT"]
[Date "2023.10.20"]
[Round "9.9"]
[White "Paravyan, David"]
[Black "Salem, A.R. Saleh"]
[Result "1/2-1/2"]
[WhiteTitle "GM"]
[BlackTitle "GM"]
[WhiteElo "2599"]
[BlackElo "2632"]
[WhiteFideId "4194985"]
[BlackFideId "9301348"]
[EventDate "2023.10.11"]

1. e4 e5 2. Nf3 Nc6 3. Bb5 a6 4. Ba4 Nf6 5. O-O Be7 6. d3 b5 7. Bb3 d6 8. a3 Na5
9. Ba2 c5 10. Nc3 Be6 11. Bg5 O-O 12. Bxf6 Bxf6 13. Nd5 g6 14. Qd2 Nc6 15. c3
Bg7 16. Ng5 Ne7 17. Nxe6 fxe6 18. Ne3 d5 19. b4 dxe4 20. Rad1 Qb6 21. bxc5 Qxc5
22. Bxe6+ Kh8 23. dxe4 Qxa3 24. Qd6 Qxd6 25. Rxd6 Rfd8 26. Rfd1 Rxd6 27. Rxd6
Bf8 28. Rb6 Nc8 29. Rc6 Ne7 30. Rc7 a5 31. Rb7 b4 32. cxb4 axb4 33. g3 Ra6 34.
Bc4 Rc6 35. Kg2 h5 36. Bf7 Nc8 37. Nc4 Nd6 38. Nxd6 Rxd6 39. Rb5 Kg7 40. Bd5 Rd7
41. f4 Bd6 42. Kf3 Rc7 43. f5 Rc3+ 44. Ke2 gxf5 45. Rb7+ Rc7 46. Rxc7+ Bxc7 47.
exf5 Kf6 48. Be4 Bb6 49. Kf3 b3 50. h4 b2 51. g4 hxg4+ 52. Kxg4 1/2-1/2

[Event "Qatar Masters Open 2023"]
[Site "Doha QAT"]
[Date "2023.10.20"]
[Round "9.10"]
[White "Aryan, Chopra"]
[Black "Shimanov, Aleksandr"]
[Result "1/2-1/2"]
[WhiteTitle "GM"]
[BlackTitle "GM"]
[WhiteElo "2634"]
[BlackElo "2566"]
[WhiteFideId "5084423"]
[BlackFideId "4198603"]
[EventDate "2023.10.11"]

1. e4 e6 2. d4 d5 3. Nc3 Nf6 4. e5 Nfd7 5. f4 c5 6. Nf3 Nc6 7. Be3 Be7 8. Qd2 a6
9. Be2 O-O 10. O-O b5 11. a3 Qb6 12. Nd1 a5 13. c3 cxd4 14. cxd4 b4 15. axb4
Nxb4 16. Nc3 Ba6 17. Na4 Qb7 18. Rfc1 Rfc8 19. b3 g6 20. g4 Rxc1+ 21. Rxc1 Rc8
22. Rxc8+ Qxc8 23. Kf2 Nb8 24. Bxa6 Qxa6 25. Qe2 Qc6 26. Bd2 N8a6 27. Bc3 Nc7
28. Bb2 Nb5 29. Qd2 Qa6 30. Qe2 Qc6 31. Qd2 Qa6 32. Qe2 Qc6 1/2-1/2

[Event "Qatar Masters Open 2023"]
[Site "Doha QAT"]
[Date "2023.10.20"]
[Round "9.11"]
[White "Makarian, Rudik"]
[Black "Van Foreest, Jorden"]
[Result "0-1"]
[WhiteTitle "IM"]
[BlackTitle "GM"]
[WhiteElo "2548"]
[BlackElo "2707"]
[WhiteFideId "44105681"]
[BlackFideId "1039784"]
[EventDate "2023.10.11"]

1. d4 Nf6 2. c4 e6 3. Nf3 c5 4. d5 b5 5. dxe6 fxe6 6. cxb5 a6 7. e3 d5 8. bxa6
Bd6 9. Bb5+ Bd7 10. a4 Nxa6 11. O-O O-O 12. b3 e5 13. e4 Nb4 14. Nc3 d4 15. Bg5
Bg4 16. Bc4+ Kh8 17. Nd5 Qe8 18. Nxf6 gxf6 19. Bd2 f5 20. Re1 fxe4 21. Rxe4 Qg6
22. Nxe5 Qxe4 23. Nxg4 h5 24. f3 Qg6 25. Nf2 Ra7 26. Bxb4 Rg7 27. Bf1 cxb4 28.
Ne4 Be5 29. Qd3 Qf5 30. Ng3 Qg5 31. Re1 h4 32. Ne2 Qf6 33. Qe4 Bb8 34. Nc1 Qd6
35. Kf2 Qxh2 36. Ke2 Bg3 37. Qe6 Rh7 38. Nd3 h3 39. Qe4 hxg2 0-1

[Event "Qatar Masters Open 2023"]
[Site "Doha QAT"]
[Date "2023.10.20"]
[Round "9.12"]
[White "Nihal, Sarin"]
[Black "Fawzy, Adham"]
[Result "1-0"]
[WhiteTitle "GM"]
[BlackTitle "GM"]
[WhiteElo "2694"]
[BlackElo "2535"]
[WhiteFideId "25092340"]
[BlackFideId "10613129"]
[EventDate "2023.10.11"]

1. e4 c5 2. Nf3 Nc6 3. Bb5 g6 4. Bxc6 bxc6 5. d4 Bg7 6. dxc5 Qa5+ 7. Nbd2 Qxc5
8. O-O d6 9. Re1 a5 10. Nb3 Qb6 11. a4 Nf6 12. Be3 Qc7 13. Bd4 e5 14. Bc3 Be6
15. Bxa5 Qb8 16. Bc3 O-O 17. Nbd2 h6 18. b3 Nd7 19. Qe2 Re8 20. a5 d5 21. a6
dxe4 22. Nxe4 f5 23. Ng3 Bd5 24. Nh4 Re6 25. Red1 Nc5 26. Ra5 Bf8 27. Nhxf5 gxf5
28. Nxf5 Rg6 29. Ne3 Bf7 30. Rda1 Ra7 31. h3 Nd7 32. Ng4 Bd5 33. Ne3 Bf7 34.
R1a4 c5 35. Rg4 Qd6 36. Raa4 Qe6 37. Qd3 Kh7 38. f4 exf4 39. Rgxf4 Ne5 40. Qf1
Bg7 41. Rae4 Be8 42. Ng4 Bc6 43. Rxe5 Bxe5 44. Bxe5 h5 45. Rf6 Rxf6 46. Nxf6+
Kg6 47. Qd3+ Qf5 48. Qd6 Kf7 49. Nd5 Qg6 50. Qxc5 Rd7 51. Qf2+ 1-0

[Event "Qatar Masters Open 2023"]
[Site "Doha QAT"]
[Date "2023.10.20"]
[Round "9.13"]
[White "Yilmazyerli, Mert"]
[Black "Fedoseev, Vladimir3"]
[Result "0-1"]
[WhiteTitle "GM"]
[BlackTitle "GM"]
[WhiteElo "2533"]
[BlackElo "2691"]
[WhiteFideId "6305962"]
[BlackFideId "24130737"]
[EventDate "2023.10.11"]

1. Nf3 Nf6 2. g3 b5 3. Bg2 Bb7 4. O-O e6 5. d3 c5 6. e4 d6 7. d4 Bxe4 8. dxc5
Bc6 9. Qe2 dxc5 10. Ne5 Bxg2 11. Qxb5+ Nbd7 12. Nxd7 Qxd7 13. Qxd7+ Nxd7 14.
Kxg2 Be7 15. Nc3 Nb6 16. Bf4 g5 17. Be5 O-O 18. Ne4 f5 19. Bd6 Bxd6 20. Nxd6
Rfd8 21. Rad1 Rd7 22. Rd3 Na4 23. Nc4 Rxd3 24. cxd3 Rd8 25. Rd1 Kg7 26. Kf1 Nb6
27. Nxb6 axb6 28. Ke2 Kf6 29. Rc1 Ke5 30. a3 Rd4 31. b3 Kd5 32. Ke3 e5 33. f3 h5
34. h3 b5 35. Ra1 Kc6 36. Rc1 Kd6 37. Ra1 Kc6 38. Rc1 Kd5 39. Ra1 g4 40. hxg4
hxg4 41. f4 exf4+ 42. gxf4 c4 43. bxc4+ bxc4 44. dxc4+ Kxc4 45. a4 Re4+ 46. Kf2
Kb3 47. Kg3 Rxa4 48. Re1 Kb4 49. Kh4 Kc3 50. Kg5 Kd2 51. Rb1 Ra5 52. Rb3 Ke2 53.
Kh4 Kf2 54. Rc3 Ra8 55. Kg5 Rf8 56. Rc2+ Kg3 57. Rc7 Kh3 58. Rh7+ Kg2 59. Ra7 g3 0-1

[Event "Qatar Masters Open 2023"]
[Site "Doha QAT"]
[Date "2023.10.20"]
[Round "9.14"]
[White "Aravindh, Chithambaram VR."]
[Black "Vignesh, N R"]
[Result "1/2-1/2"]
[WhiteTitle "GM"]
[BlackTitle "GM"]
[WhiteElo "2649"]
[BlackElo "2527"]
[WhiteFideId "5072786"]
[BlackFideId "25012215"]
[EventDate "2023.10.11"]

1. d4 Nf6 2. Nf3 d5 3. c4 e6 4. g3 dxc4 5. Bg2 c5 6. O-O Nc6 7. dxc5 Qxd1 8.
Rxd1 Bxc5 9. Nbd2 c3 10. bxc3 O-O 11. Nb3 Be7 12. Nfd4 Nxd4 13. cxd4 Nd5 14. Bb2
f5 15. Rac1 b6 16. Nd2 Bd7 17. Nc4 Rac8 18. Ne5 Ba4 19. Rf1 Bf6 20. Bf3 Rfd8 21.
Rxc8 Rxc8 22. Rc1 Rxc1+ 23. Bxc1 Bxe5 24. Bxd5 exd5 25. dxe5 Kf7 26. Bb2 Ke6 27.
Bd4 a6 28. Bxb6 Kxe5 29. e3 g6 30. f3 Ke6 31. Kf2 1/2-1/2

[Event "Qatar Masters Open 2023"]
[Site "Doha QAT"]
[Date "2023.10.20"]
[Round "9.15"]
[White "Iniyan, P"]
[Black "Vakhidov, Jakhongir"]
[Result "1/2-1/2"]
[WhiteTitle "GM"]
[BlackTitle "GM"]
[WhiteElo "2510"]
[BlackElo "2607"]
[WhiteFideId "25002767"]
[BlackFideId "14201801"]
[EventDate "2023.10.11"]

1. d4 Nf6 2. c4 g6 3. Nc3 Bg7 4. e4 d6 5. f3 O-O 6. Nge2 a6 7. Be3 b5 8. Qd2
Nbd7 9. g4 c5 10. cxb5 axb5 11. Nxb5 Ba6 12. Nbc3 e6 13. Ng3 Bxf1 14. Kxf1 Nb6
15. b3 Nfd7 16. Kg2 Qe7 17. h4 Rfc8 18. h5 cxd4 19. Bxd4 Bxd4 20. Qxd4 g5 21.
Rhc1 Rc5 22. Nce2 h6 23. a4 d5 24. e5 Rxc1 25. Nxc1 Rc8 26. Nd3 Na8 27. a5 Nb8
28. f4 Rc2+ 29. Kh3 Nc6 30. Qe3 gxf4 31. Nxf4 Qg5 32. Re1 Nc7 33. Re2 Rxe2 34.
Ngxe2 Nxe5 35. Qg3 Na6 36. Nd3 Nxd3 37. Qxd3 Nc5 38. Qf3 Qd2 39. Qc3 Qxe2 40.
Qxc5 Qd3+ 41. Kg2 Qxb3 42. Qb6 Qc2+ 43. Kg3 Qd3+ 44. Kg2 Qe4+ 45. Kg3 d4 46. a6 1/2-1/2

[Event "Qatar Masters Open 2023"]
[Site "Doha QAT"]
[Date "2023.10.20"]
[Round "9.16"]
[White "Jumabayev, Rinat"]
[Black "Prraneeth, Vuppala"]
[Result "1-0"]
[WhiteTitle "GM"]
[BlackTitle "IM"]
[WhiteElo "2585"]
[BlackElo "2510"]
[WhiteFideId "13702661"]
[BlackFideId "46622373"]
[EventDate "2023.10.11"]

1. e4 c5 2. c3 Nf6 3. e5 Nd5 4. Nf3 d6 5. d4 cxd4 6. Qxd4 e6 7. exd6 Qxd6 8. Be2
Nc6 9. Qh4 Be7 10. Qg3 O-O 11. Qxd6 Bxd6 12. O-O Rd8 13. Re1 h6 14. Nbd2 e5 15.
Bc4 Be6 16. Bb3 f6 17. Ne4 Be7 18. Ng3 Rac8 19. h4 b5 20. Bc2 Nb6 21. a3 Na5 22.
h5 Nb3 23. Rb1 Nxc1 24. Rbxc1 Nc4 25. Bf5 Bxf5 26. Nxf5 Kf7 27. Rc2 Bc5 28. Kf1
Rd5 29. Re4 Rd1+ 30. Ke2 Rb1 31. a4 a6 32. Rg4 Bf8 33. Nd2 Rh1 34. axb5 axb5 35.
Nxc4 Rxc4 36. Rxc4 bxc4 37. g4 Rg1 38. Kf3 e4+ 39. Kf4 Ke6 40. Rd2 Re1 41. Rd4
Rb1 42. Rxe4+ Kf7 43. Re2 Bc5 44. Rd2 1-0

[Event "Qatar Masters Open 2023"]
[Site "Doha QAT"]
[Date "2023.10.20"]
[Round "9.17"]
[White "Pranav, V"]
[Black "Raja, Rithvik R"]
[Result "1/2-1/2"]
[WhiteTitle "GM"]
[BlackTitle "GM"]
[WhiteElo "2579"]
[BlackElo "2495"]
[WhiteFideId "25060783"]
[BlackFideId "35007394"]
[EventDate "2023.10.11"]

1. e4 e5 2. Nf3 Nf6 3. Nc3 Nc6 4. a3 d5 5. exd5 Nxd5 6. Bb5 Nxc3 7. bxc3 Bd6 8.
d4 exd4 9. cxd4 O-O 10. O-O Qf6 11. Bd3 Bg4 12. c3 Rfe8 13. Rb1 Rab8 14. h3 Bxf3
15. Qxf3 Qxf3 16. gxf3 Ne7 17. Be4 b5 18. Bd2 Bxa3 19. Rb3 Bd6 20. Ra1 c6 21.
Rxa7 Ra8 22. Rd7 Red8 23. Rxd8+ Rxd8 24. Kg2 Ra8 25. Bg5 f6 26. Be3 Ra4 27. Rb1
Ra3 28. Bd2 Ra2 29. Bc1 Kf8 30. Rb3 Ra1 31. Be3 Ra4 32. Rb2 Ra3 33. Bd2 Kf7 34.
Bc2 Ng6 35. Kf1 Nf4 36. Bxf4 Bxf4 37. d5 Rxc3 38. dxc6 Be5 39. f4 Bd4 40. Bb3+
Kf8 41. Rc2 Rxc2 1/2-1/2

[Event "Qatar Masters Open 2023"]
[Site "Doha QAT"]
[Date "2023.10.20"]
[Round "9.19"]
[White "Abdisalimov, Abdimalik"]
[Black "Aditya, Mittal"]
[Result "1/2-1/2"]
[WhiteTitle "GM"]
[BlackTitle "GM"]
[WhiteElo "2487"]
[BlackElo "2572"]
[WhiteFideId "14206323"]
[BlackFideId "35042025"]
[EventDate "2023.10.11"]

1. d4 d5 2. c4 e6 3. Nc3 Nf6 4. cxd5 exd5 5. Bg5 Bb4 6. e3 h6 7. Bxf6 Qxf6 8.
Qa4+ Nc6 9. Rc1 O-O 10. Nf3 Rd8 11. Be2 Bf8 12. Qb3 Qd6 13. O-O a6 14. Rfd1 Bf5
15. Na4 b6 16. Ne1 Na5 17. Qc3 Qd7 18. Nc5 bxc5 19. Qxa5 c4 20. b3 Qb5 21. Qc3
Bb4 22. bxc4 Qa5 23. Qb2 Ba3 24. Qc3 Bb4 25. Qb2 Ba3 26. Qc3 Qa4 27. Ra1 Rab8
28. Nd3 dxc4 29. Ne5 Bb2 30. Qxc4 Qxc4 31. Bxc4 Bxa1 32. Nxf7 Bd3 33. Nxd8+ Bxc4
34. Nc6 Rb6 35. Ne5 Bxd4 36. Nxc4 Rb4 37. Rc1 Bc3 38. Na5 Rb2 39. Nb3 Be5 40. f4
Bd6 41. Nd4 Rxa2 42. Nf5 Kf7 43. g3 a5 44. e4 a4 45. e5 Bb4 46. Rxc7+ Ke6 47.
Nxg7+ Kd5 48. e6 Bc5+ 49. Kf1 Rb2 50. e7 Bxe7 51. Rxe7 a3 52. Re5+ Kc4 53. Ra5
a2 54. h4 Rb1+ 55. Kf2 a1=Q 56. Rxa1 Rxa1 57. Kf3 Kd5 58. Kg4 Ke4 59. Kh5 Kf3
60. Kxh6 Kxg3 61. Kg5 Rg1 1/2-1/2

[Event "Qatar Masters Open 2023"]
[Site "Doha QAT"]
[Date "2023.10.20"]
[Round "9.20"]
[White "Kaidanov, Gregory"]
[Black "Vaishali, Rameshbabu"]
[Result "1-0"]
[WhiteTitle "GM"]
[BlackTitle "IM"]
[WhiteElo "2554"]
[BlackElo "2448"]
[WhiteFideId "2008564"]
[BlackFideId "5091756"]
[EventDate "2023.10.11"]

1. Nf3 Nf6 2. c4 c5 3. Nc3 e6 4. g3 d5 5. cxd5 exd5 6. d4 Nc6 7. Bg2 cxd4 8.
Nxd4 Bc5 9. Nb3 Bb6 10. O-O d4 11. Na4 O-O 12. Bg5 Re8 13. Re1 h6 14. Bxf6 Qxf6
15. Nxb6 axb6 16. Bxc6 bxc6 17. Qxd4 Qd8 18. Qc3 c5 19. Rad1 Qc7 20. a3 Bb7 21.
f3 Re7 22. e4 Rae8 23. Nc1 Qc6 24. Re3 Qa4 25. Rde1 Rd8 26. Ne2 Red7 27. Nf4 Rd2
28. R3e2 R2d4 29. Qc2 Qd7 30. Rf2 Bc6 31. Qc1 Qe8 32. Ne2 Rd3 33. Nc3 Qe5 34.
Qf4 Qe7 35. Ree2 b5 36. Kg2 b4 37. axb4 cxb4 38. Nd5 Bxd5 39. exd5 Qc5 40. Rc2
Qd6 41. Rc8 Qxd5 42. Rxd8+ Qxd8 43. Qxb4 Qd5 44. Qb8+ Kh7 45. Qf4 Rd1 46. Qe4+
Qxe4 47. fxe4 Kg6 48. Kf3 Re1 49. Re2 Rb1 50. Ke3 f5 51. exf5+ Kxf5 52. Kd4 Kg4
53. Kc5 Rc1+ 54. Kd4 Kf3 55. Rd2 Rb1 56. Rc2 g5 57. Kc4 h5 58. b4 h4 59. gxh4
gxh4 60. b5 h3 61. Kc5 Rg1 62. b6 Rg2 63. Rc3+ Kg4 64. b7 Rb2 65. Rc4+ Kf3 66.
Rb4 Rc2+ 67. Kb6 1-0

[Event "Qatar Masters Open 2023"]
[Site "Doha QAT"]
[Date "2023.10.20"]
[Round "9.21"]
[White "Mendonca, Leon Luke"]
[Black "Ahmadzada, Ahmad"]
[Result "1-0"]
[WhiteTitle "GM"]
[BlackTitle "IM"]
[WhiteElo "2622"]
[BlackElo "2494"]
[WhiteFideId "35028561"]
[BlackFideId "13413007"]
[EventDate "2023.10.11"]

1. d4 Nf6 2. c4 e6 3. Nf3 d5 4. g3 Be7 5. Bg2 O-O 6. O-O dxc4 7. Qc2 a6 8. a4
Bd7 9. Qxc4 Bc6 10. Bg5 Nbd7 11. Nc3 h6 12. Bxf6 Nxf6 13. Rfd1 Bd5 14. Qd3 Bxf3
15. Bxf3 c6 16. Qc4 a5 17. Qb3 Qc7 18. Rac1 Rad8 19. e3 Bb4 20. Ne2 e5 21. dxe5
Qxe5 22. Nf4 Rfe8 23. Kg2 Qf5 24. Nd3 Bf8 25. Ne1 Bb4 26. Nc2 Rxd1 27. Rxd1 Bc5
28. Nd4 Qc8 29. Be2 g6 30. Bc4 Re7 31. Qc2 Qg4 32. Nb3 Bb6 33. Rd6 Qg5 34. h4 1-0

[Event "Qatar Masters Open 2023"]
[Site "Doha QAT"]
[Date "2023.10.20"]
[Round "9.22"]
[White "Can, Emre"]
[Black "Samadov, Read"]
[Result "1/2-1/2"]
[WhiteTitle "GM"]
[BlackTitle "IM"]
[WhiteElo "2576"]
[BlackElo "2492"]
[WhiteFideId "6302181"]
[BlackFideId "13417444"]
[EventDate "2023.10.11"]

1. e4 c5 2. Nf3 d6 3. d4 cxd4 4. Nxd4 Nf6 5. Nc3 a6 6. h3 e5 7. Nde2 b5 8. Nd5
Nxe4 9. g3 Bb7 10. Bg2 Nc5 11. O-O Nbd7 12. Nec3 Rb8 13. b4 Ne6 14. a4 bxa4 15.
Rxa4 Nb6 16. Ra2 Be7 17. Be3 Nc4 18. Ba7 Ra8 19. Qd3 Rxa7 20. Qxc4 O-O 21. f4
exf4 22. gxf4 Bf6 23. Nxf6+ Qxf6 24. Bxb7 Rxb7 25. Nd5 Qh4 26. Kh2 Re8 27. Qxa6
Nc7 28. Nxc7 Rxc7 29. Qd3 Rce7 30. c3 h5 31. Qg3 Qf6 32. Rf3 d5 33. Rg2 Re2 34.
Qg5 Rxg2+ 35. Kxg2 Re2+ 36. Rf2 Rxf2+ 37. Kxf2 Qxc3 38. Qd8+ Kh7 39. Qxd5 Qxb4 1/2-1/2

[Event "Qatar Masters Open 2023"]
[Site "Doha QAT"]
[Date "2023.10.20"]
[Round "9.23"]
[White "Xiao, Tong(QD)"]
[Black "Karthik, Venkataraman"]
[Result "0-1"]
[BlackTitle "GM"]
[WhiteElo "2476"]
[BlackElo "2563"]
[WhiteFideId "8622388"]
[BlackFideId "25006479"]
[EventDate "2023.10.11"]

1. e4 e5 2. Nf3 Nc6 3. Bb5 a6 4. Ba4 Nf6 5. O-O Be7 6. Re1 b5 7. Bb3 d6 8. c3
O-O 9. h3 Na5 10. Bc2 c5 11. d4 Qc7 12. d5 Bd7 13. b3 Rfc8 14. Nbd2 Nb7 15. c4
g6 16. Nf1 Nh5 17. Ng3 Ng7 18. Bh6 Nd8 19. Rf1 f6 20. Ne1 Nf7 21. Bd2 Rf8 22.
Bc3 Rae8 23. a3 Qc8 24. Bd3 f5 25. exf5 gxf5 26. Be2 Bf6 27. Nh5 Nxh5 28. Bxh5
Qd8 29. Qd2 bxc4 30. bxc4 f4 31. Rb1 Bg7 32. Qd1 e4 33. Bxg7 Kxg7 34. Rb7 Re7
35. f3 e3 36. Nd3 Ne5 37. Nxe5 Rxe5 38. Qa1 Kh6 39. Bg4 Be8 40. Qc3 Bg6 41. a4
Qh4 42. Be6 Qg3 43. Bg4 Rfe8 44. Rb2 e2 45. Re1 Re3 46. Qc1 R8e5 47. a5 Kg5 48.
Qa1 h5 49. Be6 Ra3 50. Qc1 Rxf3 51. Rbxe2 Rxe2 52. Rxe2 Rb3 53. Rb2 Be4 54. Bd7
Kh4 55. Bf5 Re3 56. Rf2 Bxg2 57. Qa1 Bxd5+ 0-1

[Event "Qatar Masters Open 2023"]
[Site "Doha QAT"]
[Date "2023.10.20"]
[Round "9.24"]
[White "Parligras, Mircea-Emilian"]
[Black "Chandra, Akshat"]
[Result "1/2-1/2"]
[WhiteTitle "GM"]
[BlackTitle "GM"]
[WhiteElo "2561"]
[BlackElo "2486"]
[WhiteFideId "1204297"]
[BlackFideId "25006711"]
[EventDate "2023.10.11"]

1. d4 Nf6 2. c4 e6 3. Nf3 d5 4. g3 Bb4+ 5. Nbd2 O-O 6. Bg2 b6 7. O-O Bb7 8. b3
Nbd7 9. Bb2 a5 10. Rc1 Re8 11. Ne5 Nxe5 12. dxe5 Ne4 13. Nxe4 dxe4 14. a3 Qxd1
15. Rfxd1 Bc5 16. h4 h5 17. e3 Rad8 18. Bf1 Kh7 19. Be2 Kg6 20. Rxd8 Rxd8 21.
Rd1 Rxd1+ 22. Bxd1 Be7 23. Kg2 Kh6 24. Kh3 g5 25. hxg5+ Kxg5 26. g4 hxg4+ 27.
Bxg4 Bf8 28. Kg3 Be7 29. Bc1 Bf8 30. Bh3 Bg7 31. Bb2 Bf8 32. Bf1 Be7 1/2-1/2